Ryde on rating
| Main Author: | |
|---|---|
| Format: | Book |
| Published: |
London :
Butterworth and company ,
1956
|
| Edition: | 10 edition |
| Subjects: |
MARC
| LEADER | 00000cam a2200000 7i4500 | ||
|---|---|---|---|
| 001 | 0000008003 | ||
| 005 | 20150622.0 | ||
| 040 | |a INS | ||
| 090 | 0 | 0 | |a KD5534 |b R93 1956 |
| 100 | 0 | |a Ryde, Walter Cranley | |
| 245 | 0 | 0 | |a Ryde on rating |c Michael E. Rowe, Horold B. Williams, William l. Roots, David Widdicombo |
| 250 | |a 10 edition | ||
| 260 | |a London : |b Butterworth and company , |c 1956 | ||
| 300 | |a 1357p. ; |c 25 cm. | ||
| 650 | 0 | 0 | |a Local taxation |x Law and legislation |z Great Britain |
| 650 | 0 | 0 | |a Real property tax |z Great Britain |
| 999 | |a 0000021908 |b BOOK |c Open Shelf |e Default branch | ||